|
|
|
|
| LEADER |
00000nab a2200000 a 4500 |
| 001 |
vtls001560858 |
| 003 |
SK-MaSNL |
| 005 |
20260303075011.0 |
| 008 |
050420c20050412xo dr|p|||||||000 b|slo |
| 015 |
|
|
|a SNBRB2005/04
|2 snkbucl
|
| 038 |
|
|
|a SNKBUCL
|
| 040 |
|
|
|a SNKBUCL
|b slo
|c SNKBUCL
|e AACR2
|
| 041 |
0 |
|
|a slo
|
| 044 |
|
|
|a xo
|c SK
|
| 080 |
|
|
|a 796.966.093.1
|2 UDC-MRF-SK2
|
| 245 |
0 |
0 |
|a Gólová smršť Spartaka
|b baráž o ST extraligu
|
| 300 |
|
|
|b Tab.
|
| 648 |
|
7 |
|a sezóna 2004/2005
|2 snkbucl
|9 848867
|
| 650 |
0 |
7 |
|a ľadový hokej
|2 snkbucl
|9 3231
|
| 650 |
0 |
7 |
|a extraliga
|2 snkbucl
|9 18992
|
| 650 |
0 |
7 |
|a baráž
|2 snkbucl
|9 1038787
|
| 651 |
|
7 |
|a Dubnica nad Váhom (Slovensko)
|2 SNKPH
|9 58303
|
| 651 |
|
7 |
|a Topoľčany (Slovensko)
|2 SNKPH
|9 31091
|
| 773 |
0 |
|
|t Šport
|g Roč. 59, č. 83 (12.4.2005), s. 28
|x 0139-7001
|
| 852 |
|
|
|a SNK
|b KIS3GCP
|
| 999 |
|
|
|c 1773921
|d 1775851
|